Historie válek :

Další autoři: Chandler, David G., 1934-
Jazyk: Čeština
Vydáno: V Praze : Knižní klub, 2004
Edice: Universum (Knižní klub)
Témata:
Externí odkaz: Digitalizovaný dokument
Fyzický popis: 152 s. : barev. il., mapy, portréty ; 32 cm
Knihy
Uloženo v:
LEADER 01653nam a2200433 a 4500
001 000750078
003 CZ BrMZK
005 20090717143657.0
007 ta
008 041115s2004 xr abc er 000 0 cze d
015 |a cnb001313159 
020 |a 80-242-1229-3  |q (váz.) 
035 |a (OCoLC)85103278 
040 |a BOA001  |b cze 
041 1 |a cze  |h eng 
072 7 |a 355/359  |x Vojenství. Obrana země. Ozbrojené síly  |2 Konspekt  |9 15 
080 |a 355.4  |2 MRF 
080 |a 355/359  |2 MRF 
080 |a 355.48  |2 MRF 
080 |a 355.081  |2 MRF 
080 |a (048.8)  |2 MRF 
245 0 0 |a Historie válek :  |c předmluvu napsal David G. Chandler ; [z anglického originálu ... přeložil Karel Kopička] 
260 |a V Praze :  |b Knižní klub,  |c 2004 
300 |a 152 s. :  |b barev. il., mapy, portréty ;  |c 32 cm 
490 1 |a Universum 
500 |a Obálkový podnázev: Od roku 3000 před Kristem až po současnost 
504 |a Obsahuje bibliografii 
650 0 7 |a válečnictví  |7 ph127327  |x dějiny  |2 czenas 
650 0 7 |a vojenství  |7 ph127210  |x dějiny  |2 czenas 
650 0 7 |a bitvy  |7 ph118933  |x dějiny  |2 czenas 
650 0 7 |a vojevůdci  |7 ph127216  |2 czenas 
655 7 |a chronologické přehledy  |7 fd131969  |2 czenas 
765 0 |t Timechart of military history  |9 Česky 
700 1 |a Chandler, David G.,  |d 1934-  |7 xx0027337  |4 wfw 
830 0 |a Universum (Knižní klub)  |0 s 
856 4 1 |u http://www.digitalniknihovna.cz/mzk/uuid/uuid:d9c821c0-16de-11e4-8f64-005056827e52  |y Digitalizovaný dokument  |x NDK 
910 |a BOA001  |b 4-1143.210 
990 |a BK 
996 6 |b 2610233197  |c 4-1143.210  |l MZK  |r Sklad / do 1 hodiny  |n 1  |p p.v.  |w 000750078  |u 000010  |a 1  |e BOA001  |j MZK50  |s P